Most Visited Cities by Brazilians - Statistics

General Stats
  • This quiz has been taken 1,127 times
    1,092 since last reset
  • The average score is 7 of 9
Answer Stats
Rank Country Travel destination % Correct
5 USA New York City
98%
7 France Paris
97%
1 Argentina Buenos Aires
96%
8 Italy Rome
96%
9 Portugal Lisbon
94%
2 Chile Santiago
93%
4 USA Orlando
64%
6 USA Las Vegas
47%
3 Uruguay Punta Del Este
30%
No matching quizzes found
Score Distribution
Percent of People with Each Score
Percentile by Number Answered
Your Score History
You have not taken this quiz since the last reset